The encyclopedia of dreams : (Record no. 792)

MARC details
000 -LEADER
fixed length control field 01033cam a2200301 a 4500
005 - DATE AND TIME OF LATEST TRANSACTION
control field 20260322212034.0
008 - FIXED-LENGTH DATA ELEMENTS--GENERAL INFORMATION
fixed length control field data
010 ## - LIBRARY OF CONGRESS CONTROL NUMBER
LC control number 92043098
020 ## - INTERNATIONAL STANDARD BOOK NUMBER
International Standard Book Number 0425147886 (pbk)
Terms of availability {dollar}27.50
020 ## - INTERNATIONAL STANDARD BOOK NUMBER
International Standard Book Number 9780425147887 (pbk)
Terms of availability {dollar}27.50
040 ## - CATALOGING SOURCE
Original cataloging agency DLC
Transcribing agency DLC
Modifying agency DLC
050 00 - LIBRARY OF CONGRESS CALL NUMBER
Classification number BF1091
Item number .G84 1993
082 00 - DEWEY DECIMAL CLASSIFICATION NUMBER
Classification number 154.6/3/03
Edition information 20
092 ## - LOCALLY ASSIGNED DEWEY CALL NUMBER (OCLC)
Classification number 154 G84 1995
001 - CONTROL NUMBER
control field data
100 1# - MAIN ENTRY--PERSONAL NAME
Personal name Guiley, Rosemary.
245 14 - TITLE STATEMENT
Title The encyclopedia of dreams :
Remainder of title symbols and interpretations /
Statement of responsibility, etc. Rosemary Guiley.
250 ## - EDITION STATEMENT
Edition statement 1995 (Berkley edition)
260 ## - PUBLICATION, DISTRIBUTION, ETC.
Place of publication, distribution, etc. New York :
Name of publisher, distributor, etc. Crossroad,
Date of publication, distribution, etc. c1993.
300 ## - PHYSICAL DESCRIPTION
Extent xiii, 206 p. :
Other physical details ill. ;
Dimensions 26 cm.
504 ## - BIBLIOGRAPHY, ETC. NOTE
Bibliography, etc. note Includes bibliographical references (p. [201]-204).
650 #0 - SUBJECT ADDED ENTRY--TOPICAL TERM
Topical term or geographic name entry element Dreams.
650 #0 - SUBJECT ADDED ENTRY--TOPICAL TERM
Topical term or geographic name entry element Symbolism (Psychology)
906 ## - LOCAL DATA ELEMENT F, LDF (RLIN)
a 7
b cbc
c orignew
d 1
e ocip
f 19
g y-gencatlg
920 ## -
-- ** LC HAS REQ'D # OF SHELF COPIES **
991 ## -
-- c-GenColl
-- BF1091
-- .G84 1993
-- 00012274191
-- Copy 1
-- BOOKS
Holdings
Withdrawn status Lost status Damaged status Not for loan Home library Current library Shelving location Date acquired Total checkouts Full call number Barcode Date last seen Price effective from Koha item type
        Centerville Centerville General stacks 22/03/2026   154.6/3/03 20 BC0010815 22/03/2026 22/03/2026 Books